[Event "Remote Superturnier 21 email"]
[Site "Remote email"]
[Date "2014.08.02"]
[Round "?"]
[White "Vega Palma, Manuel"]
[Black "Galje, Hans"]
[Result "1/2-1/2"]
[WhiteElo "2443"]
[BlackElo "2356"]
[PlyCount "29"]
[EventDate "2014.??.??"]
[EventType "tourn (corr)"]
[EventRounds "14"]
[EventCountry "GER"]
[SourceTitle "Corr 2015"]
[Source "ChessBase"]
[SourceDate "2015.07.17"]
[SourceVersion "1"]
[SourceVersionDate "2015.07.17"]
[SourceQuality "1"]

1. e4 c5 2. Nf3 e6 3. d4 cxd4 4. Nxd4 Nc6 5. Nc3 Qc7 6. Be3 a6 7. f4 b5 8. Be2 Bb7 9. a3 Nf6 10. Bf3 d6 11. f5 Nxd4 12. Qxd4 Be7 13. 0-0-0 0-0 14. Kb1 Rac8 15. Rhe1 1/2-1/2

[Event "Remote Swiss email"]
[Site "Remote email"]
[Date "2013.10.01"]
[Round "4"]
[White "Vega Palma, Manuel"]
[Black "Svrsek, Radomir"]
[Result "1-0"]
[WhiteElo "2442"]
[BlackElo "2385"]
[PlyCount "89"]
[EventDate "2013.??.??"]
[EventType "swiss (corr)"]
[EventRounds "6"]
[EventCountry "GER"]
[SourceTitle "Corr 2015"]
[Source "ChessBase"]
[SourceDate "2015.07.17"]
[SourceVersion "1"]
[SourceVersionDate "2015.07.17"]
[SourceQuality "1"]

1. e4 c6 2. d4 d5 3. Nc3 dxe4 4. Nxe4 Bf5 5. Ng3 Bg6 6. h4 h6 7. Nf3 Nf6 8. Ne5 Bh7 9. Bd3 Bxd3 10. Qxd3 e6 11. Bf4 Qa5+ 12. c3 Nbd7 13. 0-0 Nxe5 14. dxe5 Nd5 15. Rfd1 Rd8 16. Qf3 Nxf4 17. Qxf4 Be7 18. b4 Qa3 19. Rxd8+ Bxd8 20. Nh5 0-0 21. Qg3 g6 22. Nf6+ Kg7 23. h5 g5 24. f4 Qb2 25. Rf1 Qd2 26. fxg5 Qxg5 27. Rf3 b5 28. Kf1 Be7 29. Ke2 Rd8 30. Qxg5+ hxg5 31. g4 a5 32. a3 axb4 33. axb4 Ra8 34. Ne4 Ra2+ 35. Ke1 Ra1+ 36. Kd2 Ra2+ 37. Kd3 Ra1 38. Rf2 Rd1+ 39. Kc2 Rd5 40. Nf6 Rxe5 41. h6+ Kg6 42. Nd7 Re4 43. h7 Kg7 44. Rxf7+ Kxf7 45. h8Q 1-0

[Event "DESC O2012 Rd02 Gr-D email"]
[Site "DESC email"]
[Date "2013.??.??"]
[Round "?"]
[White "Wojtkowiak, Ryszard"]
[Black "Vega Palma, Manuel"]
[Result "1-0"]
[WhiteElo "2113"]
[BlackElo "2134"]
[PlyCount "99"]
[EventDate "2013.??.??"]
[EventType "tourn (corr)"]
[EventRounds "6"]
[EventCountry "GER"]
[SourceTitle "Corr 2022"]
[Source "ChessBase"]
[SourceDate "2021.10.24"]
[SourceVersion "1"]
[SourceVersionDate "2021.10.24"]
[SourceQuality "1"]

1. e4 c5 2. Nf3 d6 3. d4 cxd4 4. Nxd4 Nf6 5. Nc3 a6 6. Be3 Ng4 7. Bc1 Nf6 8. f3 e5 9. Nb3 h6 10. Be3 Be6 11. Qd2 Nbd7 12. 0-0-0 Be7 13. h4 h5 14. Kb1 b5 15. Nd5 Bxd5 16. exd5 Nb6 17. Bxb6 Qxb6 18. Na5 Bd8 19. Nc6 0-0 20. Be2 Rc8 21. c4 Re8 22. Rhe1 bxc4 23. Bxc4 a5 24. Re3 Ra8 25. Rb3 Qc7 26. Bb5 Qc8 27. Qg5 Rf8 28. Ra3 g6 29. Qh6 Re8 30. Bd3 Qd7 31. g4 e4 32. Bb5 exf3 33. Nxd8 Qxd8 34. gxh5 f2 35. hxg6 Re1 36. Rg3 Rxd1+ 37. Kc2 Qf8 38. g7 Qc8+ 39. Kxd1 Nh7 40. Bd3 Qf5 41. Qxh7+ Qxh7 42. Bxh7+ Kxh7 43. Ke2 Kg8 44. Kxf2 Rb8 45. Rb3 Rc8 46. Rb6 Rc2+ 47. Ke3 Kxg7 48. Rxd6 Rxb2 49. Rd8 Rb1 50. Ra8 1-0

[Event "Remote Superturnier 18 email"]
[Site "Remote email"]
[Date "2012.11.21"]
[Round "?"]
[White "Paleckis, Eugenijus"]
[Black "Vega Palma, Manuel"]
[Result "1-0"]
[WhiteElo "2426"]
[BlackElo "2433"]
[PlyCount "105"]
[EventDate "2012.??.??"]
[EventType "tourn (corr)"]
[EventRounds "14"]
[EventCountry "GER"]
[SourceTitle "Corr 2015"]
[Source "ChessBase"]
[SourceDate "2015.07.17"]
[SourceVersion "1"]
[SourceVersionDate "2015.07.17"]
[SourceQuality "1"]

1. e4 c5 2. Nf3 Nc6 3. d4 cxd4 4. Nxd4 Nf6 5. Nc3 e6 6. Nxc6 bxc6 7. e5 Nd5 8. Ne4 Qc7 9. f4 Qb6 10. c4 Ne3 11. Qd3 Bb4+ 12. Bd2 0-0 13. Rc1 Nxf1 14. Rxf1 Be7 15. Bc3 Ba6 16. Rd1 Rfd8 17. Rf2 Bh4 18. g3 Be7 19. Qe2 c5 20. Nd6 g6 21. Qe4 Rab8 22. Rfd2 Qc7 23. b3 Rf8 24. Qe2 Qc6 25. Ne4 Bc8 26. Kf2 Bb7 27. Rxd7 Bd8 28. Nf6+ Bxf6 29. exf6 h5 30. Ba5 Ba8 31. Ke1 Qa6 32. Bd8 Qc6 33. Be7 Rfe8 34. Rxa7 Bb7 35. Ra5 Ra8 36. Rxa8 Rxa8 37. a4 Rb8 38. Kd2 Ba6 39. Kc2 Qb7 40. Qd3 Qb6 41. Bd8 Qb4 42. Bc7 Rc8 43. Qd7 Bxc4 44. bxc4 Qxc4+ 45. Kd2 Rf8 46. Ke3 Qc2 47. Kf3 c4 48. Be5 Qa2 49. Qe7 Ra8 50. Qb4 Qc2 51. Rd2 Qc1 52. Kg2 c3 53. Qxc3 1-0

[Event "Remote Superturnier 18 email"]
[Site "Remote email"]
[Date "2012.11.21"]
[Round "?"]
[White "Richter, Wolfgang"]
[Black "Vega Palma, Manuel"]
[Result "0-1"]
[WhiteElo "2373"]
[BlackElo "2442"]
[PlyCount "74"]
[EventDate "2012.??.??"]
[EventType "tourn (corr)"]
[EventRounds "14"]
[EventCountry "GER"]
[SourceTitle "Corr 2015"]
[Source "ChessBase"]
[SourceDate "2015.07.17"]
[SourceVersion "1"]
[SourceVersionDate "2015.07.17"]
[SourceQuality "1"]

1. e4 c5 2. Nf3 d6 3. Bc4 e6 4. c3 Nf6 5. Qe2 Be7 6. 0-0 0-0 7. Bb3 Qc7 8. h3 Nc6 9. d4 d5 10. e5 Ne4 11. Bc2 cxd4 12. Bxe4 dxe4 13. Qxe4 b6 14. cxd4 Bb7 15. Qg4 f5 16. Qg3 Qd7 17. Rd1 Nb4 18. Bh6 Rf7 19. Nc3 Rc8 20. Ne1 Nd5 21. Bd2 f4 22. Qg4 Nxc3 23. bxc3 Rcf8 24. Rdb1 Rf5 25. Qd1 Be4 26. Rb2 f3 27. g4 Qe8 28. Kh2 Qg6 29. Qa4 R5f7 30. Nc2 Bh4 31. Be3 Rc7 32. c4 b5 33. Qa5 Rxc4 34. Ne1 a6 35. Rc1 h5 36. gxh5 Qxh5 37. Rxc4 Bf5 0-1